|
|
|
|
| LEADER |
00995nab a2200253 i 4500 |
| 001 |
misc61784 |
| 005 |
20221026093742.0 |
| 008 |
220617s1954 hu o 0|| fre d |
| 040 |
|
|
|a SZTE Miscellanea Repozitórium
|b hun
|
| 041 |
|
|
|a fre
|
| 041 |
|
|
|a tur
|
| 100 |
1 |
|
|a Mansuroğlu Mecdut
|
| 245 |
1 |
0 |
|a Fuad Köprülü, historien et philologue turc
|h [elektronikus dokumentum] /
|c Mansuroğlu Mecdut
|
| 260 |
|
|
|a Centre international de dialectologie générale prés l'Université catholique de Louvain
|b Louvain
|c 1954
|
| 300 |
|
|
|a 336-342
|c 25 cm
|
| 300 |
|
|
|a [7] p.
|c 25 cm
|
| 490 |
0 |
|
|a Orbis : Bulletin International de Documentation Linguistique
|
| 561 |
|
|
|a Németh Gyula hagyaték
|
| 591 |
|
|
|a LOA 2320; NOA 3443
|
| 650 |
|
4 |
|a Bölcsészettudományok
|
| 650 |
|
4 |
|a Nyelvek és irodalom
|
| 695 |
|
|
|a Mehmed Fuad Köprülü, Turkológia - bibliográfia
|
| 700 |
0 |
1 |
|a Köprülü Mehmed Fuad
|
| 856 |
4 |
0 |
|u http://misc.bibl.u-szeged.hu/61784/1/3443_noa_m25.pdf
|z Dokumentum-elérés
|